| 000 | 00311nam a2200109Ia 4500 | ||
|---|---|---|---|
| 008 | 220120s9999||||xx |||||||||||||| ||und|| | ||
| 100 | _aKhandhpur, R.S | ||
| 245 | 0 | _aHand book of bio medical instrumentation | |
| 260 |
_aTata mcgraw hill company Ltd _c1999 |
||
| 300 | _b0 | ||
| 650 | _aDIGITAL DESIGN/LOGIC DESIGN | ||
| 999 |
_c137289 _d137289 |
||